| Tag |
First Indicator |
Second Indicator |
Subfields |
| LEADER |
00000cam a2200000 4500 |
| 001 |
in00001242004 |
| 005 |
20151003072521.0 |
| 008 |
770131s1947 xx 000 0 eng u |
| 035 |
|
|
|a (OCoLC)02709979
|
| 035 |
|
|
|9 AGT6713AM
|
| 040 |
|
|
|c PCJ
|d TXA
|d UtOrBLW
|
| 041 |
1 |
|
|a eng
|a ger
|
| 049 |
|
|
|a TXAM
|
| 090 |
|
|
|a BX2170.P4
|b G5313 1947
|
| 092 |
|
|
|a 240.8
|b 4315, G462vEd
|
| 100 |
1 |
|
|a Gihr, Nikolaus,
|d 1839-1924.
|
| 245 |
1 |
4 |
|a The Veni Sancte Spiritus :
|b an explanation of the Pentecostal sequence /
|c by Rev. Dr. Nicholas Gihr ; a translation by Rev. L.M. Dooley.
|
| 264 |
|
1 |
|a [Island Creek, Mass.] :
|b [Miramar],
|c [1947]
|
| 300 |
|
|
|a xviii, xiii, 103 pages ;
|c 19 cm.
|
| 336 |
|
|
|a text
|b txt
|2 rdacontent
|
| 337 |
|
|
|a unmediated
|b n
|2 rdamedia
|
| 338 |
|
|
|a volume
|b nc
|2 rdacarrier
|
| 504 |
|
|
|a Bibliography, pages 101-103.
|
| 650 |
|
0 |
|a Holy Spirit.
|
| 999 |
|
|
|a MARS
|
| 999 |
f |
f |
|s b051ff31-6cc5-3f2b-90e0-9f949fda8303
|i e2e18222-2f34-3233-95c9-81f0eb7bcd33
|t 0
|
| 952 |
f |
f |
|p normal
|a Texas A&M University
|b College Station
|c Sterling C. Evans Library
|d Evans: Library Stacks
|t 0
|e BX2170.P4 G5313 1947
|h Library of Congress classification
|i unmediated -- volume
|m A14819830485
|
| 998 |
f |
f |
|a BX2170.P4 G5313 1947
|t 0
|l Evans: Library Stacks
|